000 00529nam a2200205 i 4500
001 bg
100 1 _aCZERNY, Janusz
245 1 0 _aFilozofia wychowania /
_cJanusz Czerny.
260 _aKatowice :
_b"Śląsk",
_c1997.
300 _a138 s. ;
_c21 cm.
504 _aBibliogr. s. 134-136. - Summ., Zsfassung.
650 9 _aWychowanie
_xfilozofia
020 _a837164048X
040 _cBPK
041 0 _apl
_bdeen
080 _a37.01:1
920 _a83-7164-048-X
942 _cKS
008 s pl f |000 0 pol
999 _c32465
_d32465
856 _uhttp://koha.tu.koszalin.pl/cgi-bin/koha/opac-detail.pl?biblionumber=32465
_yKatalog online BPK